[Event "Oberliga Nord N 2324"]
[Site "Germany"]
[Date "2024.04.28"]
[Round "9.8"]
[White "Schueler, Hendrik"]
[Black "Kluenger, Marc"]
[Result "0-1"]
[WhiteElo "2050"]
[BlackElo "2199"]
[PlyCount "76"]
[EventDate "2023.10.22"]
[EventType "team-tourn"]
[EventRounds "9"]
[EventCountry "GER"]
[SourceTitle "EXT 2025"]
[Source "ChessBase"]
[SourceDate "2024.10.14"]
[SourceVersion "1"]
[SourceVersionDate "2024.10.14"]
[SourceQuality "1"]
[WhiteTeam "Johanneum Eppendorf"]
[BlackTeam "Hamburg Schachfreunde"]
[WhiteTeamCountry "GER"]
[BlackTeamCountry "GER"]

1. d4 d5 2. Nf3 Nf6 3. c4 dxc4 4. g3 Nc6 5. Nc3 e5 6. Nxe5 Nxe5 7. dxe5 Qxd1+ 8. Nxd1 Nd5 9. Bg2 Be6 10. 0-0 0-0-0 11. Nc3 Nxc3 12. bxc3 Bc5 13. h3 Bd5 14. Bf4 c6 15. Rad1 b5 16. Bg5 Bxg2 17. Kxg2 Rxd1 18. Rxd1 h6 19. Bf4 Rd8 20. Rxd8+ Kxd8 21. Kf3 Kd7 22. Be3 Bxe3 23. Kxe3 c5 24. Ke4 Kc6 25. f4 a5 26. f5 b4 27. cxb4 cxb4 28. f6 gxf6 29. exf6 Kd6 30. Kd4 c3 31. Kd3 Ke5 32. g4 Kxf6 33. h4 Ke5 34. e3 f6 35. h5 Kd5 36. e4+ Ke5 37. Ke3 a4 38. Kd3 a3 0-1

[Event "Oberliga Nord N 2223"]
[Site "Germany"]
[Date "2023.03.19"]
[Round "7.7"]
[White "Brinkmann, Fabian"]
[Black "Schueler, Hendrik"]
[Result "1-0"]
[WhiteElo "2173"]
[BlackElo "2067"]
[PlyCount "69"]
[EventDate "2022.10.23"]
[EventType "team-tourn"]
[EventRounds "9"]
[EventCountry "GER"]
[SourceTitle "EXT 2025"]
[Source "ChessBase"]
[SourceDate "2024.10.14"]
[SourceVersion "1"]
[SourceVersionDate "2024.10.14"]
[SourceQuality "1"]
[WhiteTeam "Hamburger SK III"]
[BlackTeam "Johanneum Eppendorf"]
[WhiteTeamCountry "GER"]
[BlackTeamCountry "GER"]

1. d4 d5 2. Nf3 c5 3. dxc5 e6 4. c4 Nf6 5. Nc3 Bxc5 6. e3 0-0 7. Qc2 Nc6 8. a3 a6 9. b4 Be7 10. Bb2 dxc4 11. Bxc4 b5 12. Rd1 Qb6 13. Bd3 Bb7 14. 0-0 Rfd8 15. Ne4 Nxe4 16. Bxe4 f5 17. Qb3 fxe4 18. Qxe6+ Kh8 19. Ne5 Rf8 20. Nf7+ Rxf7 21. Qxf7 Rg8 22. Rd7 Bc8 23. Rd5 Bf8 24. Rh5 Nd8 25. Qe8 Bg4 26. Rg5 Be2 27. Rc1 Qd6 28. Qxe4 Ne6 29. Rd5 Qe7 30. Re1 Bc4 31. Rh5 Ng5 32. Qf5 Qd7 33. Qxg5 Be7 34. Qh6 Bd3 35. e4 1-0

[Event "Oberliga Nord N 2122"]
[Site "Germany"]
[Date "2022.05.15"]
[Round "4.6"]
[White "Rogozenco, Teodora Nana"]
[Black "Schueler, Hendrik"]
[Result "0-1"]
[WhiteElo "1961"]
[BlackElo "2066"]
[PlyCount "44"]
[EventDate "2021.10.31"]
[EventType "team-tourn"]
[EventRounds "9"]
[EventCountry "GER"]
[SourceTitle "EXT 2023"]
[Source "ChessBase"]
[SourceDate "2022.10.05"]
[SourceVersion "1"]
[SourceVersionDate "2022.10.05"]
[SourceQuality "1"]
[WhiteTeam "Hamburger SK III"]
[BlackTeam "Johanneum Eppendorf"]
[WhiteTeamCountry "GER"]
[BlackTeamCountry "GER"]

1. d4 d5 2. c4 dxc4 3. e3 e5 4. Bxc4 exd4 5. exd4 Nf6 6. Nf3 Bd6 7. 0-0 0-0 8. Nc3 Nc6 9. h3 h6 10. a3 a6 11. Qc2 Bd7 12. Re1 Qc8 13. Bd3 Bxh3 14. gxh3 Qxh3 15. Be4 Rae8 16. Bxc6 Bh2+ 17. Kh1 Bg3+ 18. Kg1 Bh2+ 19. Kh1 Rxe1+ 20. Nxe1 bxc6 21. Be3 Ng4 22. Nd1 Qf1# 0-1

[Event "Oberliga Nord N 2122"]
[Site "Germany"]
[Date "2022.05.01"]
[Round "9.7"]
[White "Boehm, Thomas1"]
[Black "Schueler, Hendrik"]
[Result "1-0"]
[WhiteElo "2160"]
[BlackElo "2066"]
[PlyCount "149"]
[EventDate "2021.10.31"]
[EventType "team-tourn"]
[EventRounds "9"]
[EventCountry "GER"]
[SourceTitle "EXT 2023"]
[Source "ChessBase"]
[SourceDate "2022.10.05"]
[SourceVersion "1"]
[SourceVersionDate "2022.10.05"]
[SourceQuality "1"]
[WhiteTeam "Kiel Turm II"]
[BlackTeam "Johanneum Eppendorf"]
[WhiteTeamCountry "GER"]
[BlackTeamCountry "GER"]

1. e4 e6 2. d4 d5 3. exd5 exd5 4. Nf3 Bd6 5. c4 c6 6. Nc3 Ne7 7. Be2 dxc4 8. Bxc4 0-0 9. 0-0 Nd7 10. Ne4 Nb6 11. Bb3 Bf5 12. Re1 Nbd5 13. Bg5 f6 14. Nxd6 Qxd6 15. Bh4 Rfe8 16. Bg3 Qd7 17. Nd2 Bg6 18. Ne4 Bxe4 19. Rxe4 Nf5 20. f3 Nxg3 21. hxg3 Kf8 22. Qd3 g6 23. Qd2 Kg7 24. Rae1 f5 25. Re5 Nf6 26. Qe3 Qd6 27. Re7+ Kh8 28. Qe5 Qxe7 29. Qxe7 Rxe7 30. Rxe7 Rd8 31. Rxb7 Rxd4 32. Rxa7 Rd2 33. Rc7 Rxb2 34. Rxc6 Nh5 35. Rc2 Rb1+ 36. Kf2 f4 37. gxf4 Nxf4 38. Rd2 g5 39. g3 Ng6 40. Rd5 h6 41. Rd6 Rb2+ 42. Ke3 Kg7 43. Rd2 Rxd2 44. Kxd2 Kf6 45. Ke3 Ne7 46. g4 Ke5 47. a4 Nc6 48. Bc2 Na5 49. Bd3 Nb3 50. Be4 Kd6 51. Bc2 Na5 52. Ke4 Nc6 53. Bd3 Kc5 54. Bb5 Nd4 55. Bd7 Ne2 56. a5 Nf4 57. a6 Kb6 58. Bc8 Ne2 59. Bb7 Nf4 60. Kf5 Ka7 61. Kf6 Kb6 62. Kg7 Ka7 63. Kxh6 Nh3 64. Kg6 Kb6 65. Kf5 Ka7 66. f4 gxf4 67. Bg2 Nf2 68. Bf1 f3 69. Kf4 Nd1 70. Kxf3 Nc3 71. Bc4 Nb1 72. Kf4 Nd2 73. Bd3 Nb3 74. g5 Nc5 75. Bc4 1-0

[Event "Oberliga Nord N 1819"]
[Site "Germany"]
[Date "2019.03.24"]
[Round "8.7"]
[White "Willsch, Matthias"]
[Black "Schueler, Hendrik"]
[Result "1/2-1/2"]
[WhiteElo "2198"]
[BlackElo "2137"]
[PlyCount "49"]
[EventDate "2018.10.21"]
[EventType "team-tourn"]
[EventRounds "9"]
[EventCountry "GER"]
[SourceTitle "EXT 2020"]
[Source "ChessBase"]
[SourceDate "2019.10.17"]
[SourceVersion "1"]
[SourceVersionDate "2019.10.17"]
[SourceQuality "1"]
[WhiteTeam "Preetz"]
[BlackTeam "Johanneum Eppendorf"]
[WhiteTeamCountry "GER"]
[BlackTeamCountry "GER"]

1. d4 d5 2. Nf3 Nf6 3. c4 dxc4 4. e3 e6 5. Bxc4 c5 6. 0-0 a6 7. a4 Nc6 8. Nc3 Qc7 9. Qe2 Bd6 10. dxc5 Bxc5 11. Bd2 Bd7 12. Rfc1 0-0 13. Bd3 Bd6 14. h3 Qb8 15. a5 Ne5 16. Nxe5 Bxe5 17. f4 Bd6 18. Ne4 Nxe4 19. Bxe4 f5 20. Bf3 Bb5 21. Qd1 Qa7 22. Kh1 Rad8 23. Qb3 Rfe8 24. Qc3 Qb8 25. Be1 1/2-1/2

[Event "Oberliga Nord N 1718"]
[Site "Germany"]
[Date "2017.12.10"]
[Round "4.5"]
[White "Schueler, Hendrik"]
[Black "Zimmermann, Martin"]
[Result "1/2-1/2"]
[WhiteElo "2121"]
[BlackElo "2137"]
[PlyCount "47"]
[EventDate "2017.10.08"]
[EventType "team-tourn"]
[EventRounds "9"]
[EventCountry "GER"]
[SourceTitle "EXT 2019"]
[Source "ChessBase"]
[SourceDate "2018.10.10"]
[SourceVersion "1"]
[SourceVersionDate "2018.10.10"]
[SourceQuality "1"]
[WhiteTeam "Eppendorf Johanneum"]
[BlackTeam "Hamburg SF"]
[WhiteTeamCountry "GER"]
[BlackTeamCountry "GER"]

1. d4 d5 2. Nf3 Nf6 3. c4 e6 4. g3 Be7 5. Bg2 c6 6. 0-0 0-0 7. Qc2 Ne4 8. Rd1 f5 9. Nfd2 Nxd2 10. Nxd2 Bf6 11. Nf3 Bd7 12. Ne5 Be8 13. cxd5 cxd5 14. Bf4 Nc6 15. Rac1 Qb6 16. Qd2 h6 17. Nxc6 Bxc6 18. Bd6 Rf7 19. e3 Bb5 20. Bc5 Qd8 21. b3 Rc7 22. a4 Ba6 23. a5 Rc6 24. Bb4 1/2-1/2

[Event "Oberliga Nord N 1718"]
[Site "Germany"]
[Date "2017.11.12"]
[Round "3.4"]
[White "Junge, Kai"]
[Black "Schueler, Hendrik"]
[Result "1-0"]
[WhiteElo "2215"]
[BlackElo "2121"]
[PlyCount "129"]
[EventDate "2017.10.08"]
[EventType "team-tourn"]
[EventRounds "9"]
[EventCountry "GER"]
[SourceTitle "EXT 2019"]
[Source "ChessBase"]
[SourceDate "2018.10.10"]
[SourceVersion "1"]
[SourceVersionDate "2018.10.10"]
[SourceQuality "1"]
[WhiteTeam "Preetz"]
[BlackTeam "Eppendorf Johanneum"]
[WhiteTeamCountry "GER"]
[BlackTeamCountry "GER"]

1. Nf3 Nf6 2. g3 g6 3. Bg2 Bg7 4. 0-0 0-0 5. c4 d5 6. cxd5 Nxd5 7. Nc3 Nb6 8. d4 Nc6 9. e3 Re8 10. b3 e5 11. dxe5 Nxe5 12. Nxe5 Qxd1 13. Rxd1 Bxe5 14. Bb2 c6 15. Rd2 a5 16. Ne4 Bxb2 17. Rxb2 Rd8 18. a4 Ra7 19. Rc1 Kf8 20. Nc5 Ke7 21. e4 Nd7 22. Nd3 Nf8 23. Ne5 f6 24. Nc4 Be6 25. Bf1 Bxc4 26. Bxc4 Ne6 27. Kg2 Nd4 28. h4 b6 29. f4 Rad7 30. Kf2 Kd6 31. Bf1 Re7 32. Re1 c5 33. Bg2 Ke6 34. Bf1 Kd6 35. Bg2 Rf8 36. Rd1 Kc7 37. Rd3 Rd8 38. Rb1 Red7 39. Bh3 Re7 40. Bg2 Nc6 41. Rxd8 Kxd8 42. e5 Nd4 43. exf6 Rf7 44. Bd5 Rxf6 45. Re1 Kd7 46. Bc4 Rf8 47. Re5 h6 48. Ke3 Nf5+ 49. Kf3 Rf6 50. g4 Nd4+ 51. Ke4 Kc6 52. h5 gxh5 53. Rxh5 b5 54. axb5+ Nxb5 55. Ke5 Rg6 56. f5 Rxg4 57. Rxh6+ Kc7 58. Bxb5 Rb4 59. Ba4 c4 60. Rc6+ Kd8 61. Rxc4 Rb6 62. Rc5 Rb4 63. Rxa5 Rb6 64. Ra7 Rb4 65. f6 1-0

[Event "Hamburg-chT Landesliga 1617"]
[Site "Hamburg"]
[Date "2017.05.13"]
[Round "8.5"]
[White "Schueler, Hendrik"]
[Black "Becker, Martin"]
[Result "1/2-1/2"]
[WhiteElo "2151"]
[BlackElo "1997"]
[PlyCount "54"]
[EventDate "2016.10.16"]
[EventType "team-tourn"]
[EventRounds "9"]
[EventCountry "GER"]
[SourceTitle "EXT 2022"]
[Source "ChessBase"]
[SourceDate "2021.10.06"]
[SourceVersion "1"]
[SourceVersionDate "2021.10.06"]
[SourceQuality "1"]
[WhiteTeam "Johanneum Eppendorf"]
[BlackTeam "Harburg Diagonale"]
[WhiteTeamCountry "GER"]
[BlackTeamCountry "GER"]

1. d4 Nf6 2. c4 e6 3. g3 Bb4+ 4. Bd2 a5 5. Bg2 0-0 6. Nf3 Ne4 7. 0-0 Nxd2 8. Nbxd2 d5 9. e4 c6 10. Qc2 b6 11. cxd5 cxd5 12. exd5 exd5 13. Ne5 Ra7 14. Rac1 Be6 15. a3 Bd6 16. Nc6 Nxc6 17. Qxc6 Rc7 18. Qb5 Rxc1 19. Rxc1 Bb8 20. Nf1 h6 21. Ne3 Bd7 22. Qxd5 Be6 23. Qxd8 Rxd8 24. d5 Bd7 25. b3 Be5 26. Nc4 Bd4 27. Rd1 Bc5 1/2-1/2

[Event "Bargteheide op"]
[Site "Bargteheide"]
[Date "2016.05.05"]
[Round "2"]
[White "Hochgraefe, Markus"]
[Black "Schueler, Hendrik"]
[Result "1-0"]
[WhiteElo "2383"]
[BlackElo "2133"]
[PlyCount "79"]
[EventDate "2016.05.05"]
[EventType "swiss"]
[EventRounds "7"]
[EventCountry "GER"]
[SourceTitle "CBM 172 Extra"]
[Source "ChessBase"]
[SourceDate "2016.06.21"]
[SourceVersion "1"]
[SourceVersionDate "2016.06.21"]
[SourceQuality "1"]

1. Nf3 d5 2. d4 Nf6 3. c4 dxc4 4. Nc3 a6 5. e4 b5 6. e5 Nd5 7. a4 e6 8. axb5 Nb6 9. Be2 Be7 10. 0-0 0-0 11. b3 axb5 12. Rxa8 Nxa8 13. Nxb5 cxb3 14. Qxb3 Nb6 15. Bd2 Bb7 16. Qc2 c6 17. Nd6 Bxd6 18. exd6 Nd5 19. Ng5 Nf6 20. Ra1 h6 21. Nf3 Nbd7 22. Qb1 Ba8 23. Ba5 Qc8 24. Bc7 Nd5 25. Ba6 Qe8 26. Ne5 Nxe5 27. dxe5 f5 28. exf6 Nxf6 29. Qc2 c5 30. f3 Qc6 31. Ra5 Qd5 32. Qxc5 Qd1+ 33. Bf1 Ne4 34. Qe3 Nd2 35. Qe2 Qc1 36. Ra2 Rxf3 37. Rxa8+ Kh7 38. gxf3 Qc5+ 39. Kg2 Qg5+ 40. Kh1 1-0

[Event "Oberliga Nord N 1516"]
[Site "Germany"]
[Date "2016.04.10"]
[Round "9.5"]
[White "Schueler, Hendrik"]
[Black "Schmidt, Jan Peter"]
[Result "1/2-1/2"]
[WhiteElo "2130"]
[BlackElo "2239"]
[PlyCount "44"]
[EventDate "2015.09.20"]
[EventType "team-tourn"]
[EventRounds "9"]
[EventCountry "GER"]
[SourceTitle "EXT 2017"]
[Source "ChessBase"]
[SourceDate "2016.10.25"]
[SourceVersion "1"]
[SourceVersionDate "2016.10.25"]
[SourceQuality "1"]
[WhiteTeam "Eppendorf Johanneum"]
[BlackTeam "Hamburg Koenigsspringer"]
[WhiteTeamCountry "GER"]
[BlackTeamCountry "GER"]

1. d4 Nf6 2. c4 e6 3. g3 Bb4+ 4. Bd2 Be7 5. Bg2 d5 6. Nf3 0-0 7. 0-0 Nbd7 8. Qc2 c6 9. Rd1 b6 10. Bc1 Bb7 11. Nbd2 Rc8 12. e4 c5 13. exd5 exd5 14. dxc5 Bxc5 15. Qf5 g6 16. Qd3 Qe7 17. cxd5 Bxd5 18. Nb3 Bc4 19. Qd2 Be2 20. Nxc5 Bxd1 21. Nxd7 Bxf3 22. Nxf8 Bxg2 1/2-1/2

[Event "Oberliga Nord N 1516"]
[Site "Germany"]
[Date "2016.01.17"]
[Round "5.4"]
[White "Schueler, Hendrik"]
[Black "Schulenburg, Torben"]
[Result "1/2-1/2"]
[WhiteElo "2133"]
[BlackElo "2116"]
[PlyCount "38"]
[EventDate "2015.09.20"]
[EventType "team-tourn"]
[EventRounds "9"]
[EventCountry "GER"]
[SourceTitle "CBM 170 Extra"]
[Source "ChessBase"]
[SourceDate "2016.02.25"]
[SourceVersion "1"]
[SourceVersionDate "2016.02.25"]
[SourceQuality "1"]
[WhiteTeam "Eppendorf Johanneum"]
[BlackTeam "Hamburg Diogenes"]
[WhiteTeamCountry "GER"]
[BlackTeamCountry "GER"]

1. e4 e6 2. d4 d5 3. Nd2 c5 4. exd5 Qxd5 5. dxc5 Bxc5 6. Ngf3 Nf6 7. Bd3 Nc6 8. Qe2 0-0 9. Ne4 Be7 10. 0-0 Nb4 11. Nxf6+ Bxf6 12. Be4 Qh5 13. Rd1 Na6 14. c3 Nc5 15. Bc2 b6 16. Nd4 Qxe2 17. Nxe2 Bb7 18. Be3 Rfd8 19. Nd4 Be7 1/2-1/2

[Event "Oberliga Nord N 1516"]
[Site "Germany"]
[Date "2015.10.11"]
[Round "2.4"]
[White "Budzyn, Matthias"]
[Black "Schueler, Hendrik"]
[Result "1-0"]
[WhiteElo "2154"]
[BlackElo "2150"]
[PlyCount "53"]
[EventDate "2015.09.20"]
[EventType "team-tourn"]
[EventRounds "9"]
[EventCountry "GER"]
[SourceTitle "CBM 170 Extra"]
[Source "ChessBase"]
[SourceDate "2016.02.25"]
[SourceVersion "1"]
[SourceVersionDate "2016.02.25"]
[SourceQuality "1"]
[WhiteTeam "Kiel Turm"]
[BlackTeam "Eppendorf Johanneum"]
[WhiteTeamCountry "GER"]
[BlackTeamCountry "GER"]

1. e4 e6 2. d4 d5 3. e5 c5 4. c3 Nc6 5. Nf3 Bd7 6. Be2 Qb6 7. a3 Nh6 8. b4 cxd4 9. cxd4 Nf5 10. Bb2 Rc8 11. g4 Nfe7 12. Nc3 Na5 13. Na4 Bxa4 14. Qxa4+ Nac6 15. 0-0 Ng6 16. Rfc1 a6 17. Rc2 Be7 18. Rac1 0-0 19. Bxa6 Ra8 20. Rxc6 bxc6 21. Rxc6 Qa7 22. Qc2 f6 23. Bd3 fxe5 24. Bxg6 hxg6 25. Nxe5 Bf6 26. Rc7 Qa6 27. Nxg6 1-0

[Event "Oberliga Nord N 1415"]
[Site "Germany"]
[Date "2015.02.22"]
[Round "7.6"]
[White "Schueler, Hendrik"]
[Black "Kluenger, Marc"]
[Result "1/2-1/2"]
[WhiteElo "2094"]
[BlackElo "2279"]
[PlyCount "145"]
[EventDate "2014.09.21"]
[EventType "team-tourn"]
[EventRounds "9"]
[EventCountry "GER"]
[SourceTitle "EXT 2016"]
[Source "ChessBase"]
[SourceDate "2015.10.08"]
[SourceVersion "1"]
[SourceVersionDate "2015.10.08"]
[SourceQuality "1"]
[WhiteTeam "Eppendorf Johanneum"]
[BlackTeam "Hamburg SF"]
[WhiteTeamCountry "GER"]
[BlackTeamCountry "GER"]

1. d4 d5 2. Nf3 Nf6 3. c4 dxc4 4. e3 e6 5. Bxc4 c5 6. 0-0 a6 7. Qe2 b5 8. Bb3 Bb7 9. Rd1 Nbd7 10. Nc3 Be7 11. dxc5 Qc7 12. a3 Nxc5 13. Bc2 Nce4 14. Nxe4 Nxe4 15. Nd4 Rc8 16. f3 Nf6 17. Bd3 Bd6 18. g3 Be5 19. a4 Bxd4 20. exd4 bxa4 21. Rxa4 0-0 22. Bxa6 Ra8 23. Bb5 Rxa4 24. Bxa4 Bd5 25. Kf2 Ra8 26. Bc2 Rc8 27. Bd3 Bb3 28. Re1 Qb6 29. Be3 Nd5 30. Qd2 Nb4 31. Bb1 Bd5 32. Rc1 Rd8 33. Qc3 Nc6 34. Rd1 Rb8 35. Rd2 Ne7 36. Qa3 Nf5 37. Bxf5 exf5 38. Bf4 Ra8 39. Qc5 Qb7 40. Qc3 h6 41. Bd6 Ra1 42. Rc2 Qb5 43. Rc1 Bxf3 44. Kxf3 Qd5+ 45. Ke2 Qe4+ 46. Kd2 Qg2+ 47. Kd3 Qe4+ 48. Kd2 Qg2+ 49. Kd3 Qe4+ 50. Kd2 Rxc1 51. Qxc1 Qxd4+ 52. Ke2 Qxd6 53. Qc8+ Kh7 54. Qxf5+ Kg8 55. Qc8+ Kh7 56. Qf5+ Kg8 57. Qc8+ Kh7 58. Qc2+ g6 59. b3 Qe5+ 60. Kd1 Qd4+ 61. Ke2 h5 62. Qc4 Qe5+ 63. Kd2 Kg8 64. Qc8+ Kh7 65. Qc4 Kg8 66. Qc8+ Kh7 67. Qc3 Qd5+ 68. Kc2 h4 69. Qc4 Qf5+ 70. Kc3 hxg3 71. Qh4+ Kg8 72. hxg3 Qc5+ 73. Kb2 1/2-1/2

[Event "Oberliga Nord N 1415"]
[Site "Germany"]
[Date "2014.09.21"]
[Round "1.6"]
[White "Perez de Miguel, Alvaro"]
[Black "Schueler, Hendrik"]
[Result "0-1"]
[WhiteElo "2182"]
[BlackElo "2094"]
[PlyCount "94"]
[EventDate "2014.09.21"]
[EventType "team-tourn"]
[EventRounds "9"]
[EventCountry "GER"]
[SourceTitle "EXT 2016"]
[Source "ChessBase"]
[SourceDate "2015.10.08"]
[SourceVersion "1"]
[SourceVersionDate "2015.10.08"]
[SourceQuality "1"]
[WhiteTeam "Hamburg St Pauli"]
[BlackTeam "Eppendorf Johanneum"]
[WhiteTeamCountry "GER"]
[BlackTeamCountry "GER"]

1. d4 d5 2. Nf3 Nf6 3. e3 c5 4. dxc5 e6 5. c4 Bxc5 6. Nc3 0-0 7. cxd5 exd5 8. Be2 Nc6 9. 0-0 a6 10. Nd4 Ba7 11. b3 Nxd4 12. exd4 Ne4 13. Nxe4 dxe4 14. d5 Qd6 15. a4 Qe5 16. Ra2 Rd8 17. Bc4 b5 18. axb5 axb5 19. Bxb5 Bb7 20. Bb2 Qg5 21. Qe2 Bxd5 22. Rfa1 Bb6 23. Ra6 Rxa6 24. Rxa6 Bc5 25. Ra1 Bxb3 26. Bc3 e3 27. f3 Rd1+ 28. Rxd1 Bxd1 29. Qe1 Bxf3 30. Qg3 e2+ 31. Kh1 Qxg3 32. hxg3 Bg4 33. Be1 Kf8 34. Bc6 Ke7 35. Bf3 h5 36. Bd5 Kd6 37. Bb3 Be3 38. Bb4+ Ke5 39. Bc3+ Bd4 40. Be1 Ke4 41. Bc2+ Kd5 42. Bd3 Be3 43. Bb5 Kd4 44. Ba6 Bc1 45. Bb4 Ke3 46. Bc5+ Kd2 47. Bb4+ Kd1 0-1

[Event "BL2-Nord 1314"]
[Site "Germany"]
[Date "2014.02.23"]
[Round "7.4"]
[White "Petzold, Golo"]
[Black "Schueler, Hendrik"]
[Result "1/2-1/2"]
[WhiteElo "2247"]
[BlackElo "2098"]
[PlyCount "44"]
[EventDate "2013.10.13"]
[EventType "team-tourn"]
[EventRounds "9"]
[EventCountry "GER"]
[SourceTitle "EXT 2015"]
[Source "ChessBase"]
[SourceDate "2014.11.20"]
[SourceVersion "1"]
[SourceVersionDate "2014.11.20"]
[SourceQuality "1"]
[WhiteTeam "Goettingen"]
[BlackTeam "Eppendorf"]
[WhiteTeamCountry "GER"]
[BlackTeamCountry "GER"]

1. d4 d5 2. c4 dxc4 3. Nf3 a6 4. a4 Nf6 5. e3 c5 6. Bxc4 e6 7. 0-0 Nc6 8. Nc3 Bd6 9. dxc5 Bxc5 10. Qxd8+ Kxd8 11. Ng5 Ke7 12. Nge4 Nxe4 13. Nxe4 Bb4 14. Bd2 Bxd2 15. Nxd2 Rd8 16. Nb3 b6 17. Rfc1 Bb7 18. Be2 Rac8 19. Rc3 Ne5 20. Rac1 Rxc3 21. Rxc3 Rc8 22. Rxc8 Bxc8 1/2-1/2

[Event "BL2-Nord 1314"]
[Site "Germany"]
[Date "2013.11.10"]
[Round "2.5"]
[White "Fuchs, Judith"]
[Black "Schueler, Hendrik"]
[Result "1-0"]
[WhiteElo "2334"]
[BlackElo "2098"]
[PlyCount "81"]
[EventDate "2013.10.13"]
[EventType "team-tourn"]
[EventRounds "9"]
[EventCountry "GER"]
[SourceTitle "EXT 2015"]
[Source "ChessBase"]
[SourceDate "2014.11.20"]
[SourceVersion "1"]
[SourceVersionDate "2014.11.20"]
[SourceQuality "1"]
[WhiteTeam "Hamburger SK II"]
[BlackTeam "Eppendorf"]
[WhiteTeamCountry "GER"]
[BlackTeamCountry "GER"]

1. e4 e5 2. Bc4 Nc6 3. Nf3 Nf6 4. Ng5 d5 5. exd5 Na5 6. Bb5+ c6 7. dxc6 bxc6 8. Bd3 Nd5 9. Nf3 Nf4 10. 0-0 Nxd3 11. cxd3 Bd6 12. Re1 0-0 13. b3 Re8 14. h3 c5 15. Na3 Ba6 16. Nc4 Nxc4 17. dxc4 e4 18. Nh2 Bxh2+ 19. Kxh2 Qd4 20. Rb1 Qxf2 21. Rf1 Qd4 22. Bb2 Qd6+ 23. Kg1 Qg6 24. Rf4 Bc8 25. Kh1 Be6 26. Qe1 Rad8 27. Bc3 Bc8 28. Qg1 Rd3 29. Qf1 Qh5 30. Kg1 Rg3 31. Kh2 Qg6 32. Qf2 Rd3 33. Re1 f6 34. Re3 Rxe3 35. Qxe3 Qh5 36. Rxe4 Rxe4 37. Qxe4 Qf7 38. Qc6 Qf8 39. Bb2 Bf5 40. Qd5+ Kh8 41. Qxf5 1-0

[Event "BL2-Nord 1314"]
[Site "Germany"]
[Date "2013.10.13"]
[Round "1.3"]
[White "Schueler, Hendrik"]
[Black "Rudolf, Henrik"]
[Result "0-1"]
[WhiteElo "2098"]
[BlackElo "2360"]
[PlyCount "70"]
[EventDate "2013.10.13"]
[EventType "team-tourn"]
[EventRounds "9"]
[EventCountry "GER"]
[SourceTitle "EXT 2015"]
[Source "ChessBase"]
[SourceDate "2014.11.20"]
[SourceVersion "1"]
[SourceVersionDate "2014.11.20"]
[SourceQuality "1"]
[WhiteTeam "Eppendorf"]
[BlackTeam "Rostock"]
[WhiteTeamCountry "GER"]
[BlackTeamCountry "GER"]

1. d4 Nf6 2. c4 g6 3. Nc3 Bg7 4. e4 d6 5. Be2 0-0 6. Nf3 e5 7. 0-0 Nc6 8. d5 Ne7 9. Nd2 a5 10. a3 Nd7 11. Rb1 f5 12. b4 Kh8 13. Qc2 c6 14. f3 Nf6 15. c5 cxd5 16. cxd6 Nc6 17. exd5 Nd4 18. Qd1 axb4 19. axb4 Ne8 20. Nc4 Nxd6 21. Nxd6 Qxd6 22. Be3 Bd7 23. Bxd4 exd4 24. Nb5 Qb6 25. Qd3 Ra2 26. Na3 Rxe2 27. Nc4 Qa7 28. Ra1 Ra2 29. Rxa2 Qxa2 30. Nb6 Ba4 31. Re1 Qc2 32. Qa3 Bb5 33. d6 d3 34. Rc1 Bd4+ 35. Kh1 d2 0-1

[Event "Oberliga Nord N 1213"]
[Site "Germany"]
[Date "2013.03.17"]
[Round "8.4"]
[White "Kull, Florian"]
[Black "Schueler, Hendrik"]
[Result "1/2-1/2"]
[WhiteElo "2188"]
[BlackElo "2156"]
[PlyCount "45"]
[EventDate "2012.10.14"]
[EventType "team-tourn"]
[EventRounds "9"]
[EventCountry "GER"]
[SourceTitle "EXT 2015"]
[Source "ChessBase"]
[SourceDate "2014.11.20"]
[SourceVersion "1"]
[SourceVersionDate "2014.11.20"]
[SourceQuality "1"]
[WhiteTeam "Hamburg Schachfreunde"]
[BlackTeam "Eppendorf"]
[WhiteTeamCountry "GER"]
[BlackTeamCountry "GER"]

1. c4 e6 2. Nc3 Nf6 3. e4 e5 4. f4 d6 5. Nf3 Nc6 6. d4 Bg4 7. d5 Nd4 8. Be3 c5 9. dxc6 Nxc6 10. Be2 Be7 11. f5 h6 12. 0-0 0-0 13. Qd2 Nh7 14. Nd5 Nf6 15. Nxf6+ Bxf6 16. Rad1 Bxf3 17. Rxf3 Nd4 18. Rg3 Bg5 19. Bh5 Bxe3+ 20. Qxe3 Qf6 21. Be2 Rfc8 22. b3 Rc6 23. Bf1 1/2-1/2

[Event "Oberliga Nord N 1213"]
[Site "Germany"]
[Date "2012.12.09"]
[Round "4.3"]
[White "Hess, Christian"]
[Black "Schueler, Hendrik"]
[Result "1/2-1/2"]
[WhiteElo "2260"]
[BlackElo "2156"]
[PlyCount "21"]
[EventDate "2012.10.14"]
[EventType "team-tourn"]
[EventRounds "9"]
[EventCountry "GER"]
[SourceTitle "EXT 2015"]
[Source "ChessBase"]
[SourceDate "2014.11.20"]
[SourceVersion "1"]
[SourceVersionDate "2014.11.20"]
[SourceQuality "1"]
[WhiteTeam "Koenigsspringer"]
[BlackTeam "Eppendorf"]
[WhiteTeamCountry "GER"]
[BlackTeamCountry "GER"]

1. Nf3 d5 2. c4 dxc4 3. e3 e6 4. Bxc4 a6 5. d4 c5 6. 0-0 Nf6 7. Bd3 b6 8. Nc3 Bb7 9. Qe2 Nbd7 10. Rd1 Qb8 11. h3 1/2-1/2

[Event "Oberliga Nord N 1213"]
[Site "Germany"]
[Date "2012.10.14"]
[Round "1.4"]
[White "Budzyn, Matthias"]
[Black "Schueler, Hendrik"]
[Result "1/2-1/2"]
[WhiteElo "2170"]
[BlackElo "2156"]
[PlyCount "47"]
[EventDate "2012.10.14"]
[EventType "team-tourn"]
[EventRounds "9"]
[EventCountry "GER"]
[SourceTitle "EXT 2015"]
[Source "ChessBase"]
[SourceDate "2014.11.20"]
[SourceVersion "1"]
[SourceVersionDate "2014.11.20"]
[SourceQuality "1"]
[WhiteTeam "Kiel Turm"]
[BlackTeam "Eppendorf"]
[WhiteTeamCountry "GER"]
[BlackTeamCountry "GER"]

1. e4 e6 2. d4 d5 3. e5 c5 4. c3 Nc6 5. Nf3 Bd7 6. Be2 Qb6 7. a3 c4 8. Nbd2 f6 9. 0-0 Qc7 10. Re1 fxe5 11. Nxe5 Nxe5 12. dxe5 Ne7 13. b3 cxb3 14. Qxb3 Nc6 15. c4 Nd4 16. Bh5+ g6 17. Qd3 Nf5 18. Bf3 dxc4 19. Nxc4 Rc8 20. Nd6+ Nxd6 21. exd6 Qxd6 22. Qxd6 Bxd6 23. Bxb7 Rc7 24. Bf3 1/2-1/2